Dramas of bhasa/ (Record no. 181218)

000 -LEADER
fixed length control field 00362nam a22001457a 4500
082 ## - DEWEY DECIMAL CLASSIFICATION NUMBER
Classification number S200 7
Item number DEV/D
100 ## - MAIN ENTRY--AUTHOR NAME
Personal name Devarajan T
245 ## - TITLE STATEMENT
Title Dramas of bhasa/
Statement of responsibility, etc by Devarajan T
260 ## - PUBLICATION, DISTRIBUTION, ETC. (IMPRINT)
Place of publication Trivandrum:
Name of publisher University of Kerala
Year of publication 2005.
300 ## - PHYSICAL DESCRIPTION
Number of Pages 238p.
650 ## - SUBJECT ADDED ENTRY--TOPICAL TERM
Topical Term Drama Sanskrit Study
650 ## - SUBJECT ADDED ENTRY--TOPICAL TERM
Topical Term Literature Sanskrit
650 ## - SUBJECT ADDED ENTRY--TOPICAL TERM
Topical Term Literature
942 ## - ADDED ENTRY ELEMENTS (KOHA)
Koha item type Book
Holdings
Withdrawn status Lost status Damaged status Not for loan Permanent Location Current Location Shelving location Date acquired Cost, normal purchase price Full call number Accession Number Price effective from Koha item type
        Sree Sankaracharya University of Sanskrit Sree Sankaracharya University of Sanskrit Stacks 13.04.2026 200.00 S200 7 DEV/D 108318 13.04.2026 Book